000 00286nam a22001217a 4500
040 _cHS
082 _a338
100 _aតុប ពេជ
245 _aស្ថិតិព្រៃឈើ Forest statistics
260 _aRUA
_bតុប ពេជ
_c1998
300 _a82p;
942 _cKB
999 _c9156
_d9156